00345nam a22001337a 450000500170000001000130001702000270003003500130005703700100007008200060008024500600008626000330014630000320017920111005152551.0 aG-001707 c$ 16.95a97881769329741daG-001707 bGift  aS aRead it yourself:bfavourite stories for young children aBelgiumbKids Books c(201?) a95p. c26cm(Hb)bcol. ill.